000 00581cas a2200157 4500
008 150826n eng u
022 _a12250368
035 _a(Sirsi) a191794
050 _aKJ1.K6S6J6
245 _aKorean Social Science Journal
260 _aSeoul
_b The Korean Social Science Research Council
_c 2002
310 _aBi-annually
362 _aVol. 29, No. 2, 2002 - Vol. 31, No. 1, 2004
520 _aIt comprises articles in social science research activities in political, economic, cultural and educational problems in comtemporary Korea
650 _aResearch
999 _c9782
_d9782